| 000 | 00523nam a22001937a 4500 | ||
|---|---|---|---|
| 003 | BCEG | ||
| 005 | 20260116173817.0 | ||
| 008 | 260116s1975 mx|||||| |||| 00| 0 spa d | ||
| 040 |
_aBCEG _bspa _cBCEG |
||
| 082 | 0 | 4 |
_a863.6 _bV181f |
| 100 | 1 |
_aValle-Inclán, Ramón del, _d1866-1936. |
|
| 245 | 1 | _aFlor de santidad. | |
| 260 |
_aMéxico : _bPromotora de Ediciones y Publicaciones, _c1975. |
||
| 300 | _a250 p. | ||
| 490 | _aLecturas para una Hora. | ||
| 541 | _aDonación. | ||
| 650 | 1 | 4 | _aNovela española. |
| 942 | _cBK | ||
| 999 |
_c437027 _d437027 |
||